000 00349nam a22001337a 4500
008 250623b |||||||| |||| 00| 0 eng d
020 _a1857281691
050 _aHT 166
_b.R 63
100 _aRoberts Margaret
245 _aAn Introduction to town planning techniques
260 _aLondon
_bUCL Press Limited
_c1999
300 _a406p
942 _cBK
999 _c3951
_d3951